Online
Catalog

Miscelanea : (Record no. 22687)

MARC details
000 -CABECERA
campo de control de longitud fija 00553nam a2200169 u 4500
001 - NÚMERO DE CONTROL
campo de control 000023190
005 - FECHA Y HORA DE LA ÚLTIMA TRANSACCIÓN
campo de control 20200930022040.0
008 - DATOS DE LONGITUD FIJA--INFORMACIÓN GENERAL
campo de control de longitud fija 101130s1964 sp r 000 0 spa d
040 ## - FUENTE DE LA CATALOGACIÓN
Centro catalogador/agencia de origen DO-SdBNP
Lengua de catalogación spa
Centro/agencia transcriptor BNPHU
082 ## - NÚMERO DE LA CLASIFICACIÓN DECIMAL DEWEY
Número de clasificación xxx
Número de documento/Ítem P393m
100 1# - ENTRADA PRINCIPAL--NOMBRE DE PERSONA
Nombre de persona Peman, José María
9 (RLIN) 47739
245 10 - MENCIÓN DE TÍTULO
Título Miscelanea :
Resto del título poesía, novela, cuentos, ensayos, artículos, oratoria, teatro /
Mención de responsabilidad, etc. José María Peman.
260 ## - PUBLICACIÓN, DISTRIBUCIÓN, ETC.
Lugar de publicación, distribución, etc. Madrid :
Nombre del editor, distribuidor, etc. Escelicer, S.A.,
Fecha de publicación, distribución, etc. 1964.
300 ## - DESCRIPCIÓN FÍSICA
Extensión v. 6 ;
Dimensiones 21 cm.
500 ## - NOTA GENERAL
Nota general La biblioteca posee el volumen 6.
505 0# - NOTA DE CONTENIDO CON FORMATO
Información miscelánea v. 6
Título Obras completas.
Holdings
Estado de retiro Estado de pérdida Restricciones de uso No para préstamo Código de colección Localización permanente Ubicación/localización actual Ubicación en estantería Fecha de adquisición Número de inventario Total de préstamos Signatura topográfica completa Código de barras Fecha visto por última vez Precio válido a partir de Tipo de ítem Koha
        Monografías: Libros y Folletos General General En catalogación 30.11.2010 LF1   xxx P393m 23190-10 25.06.2020 25.06.2020 Préstamo en sala

Powered by Koha